| 000 | 00501nam a22001697a 4500 | ||
|---|---|---|---|
| 999 |
_c525217 _d525217 |
||
| 003 | NUST | ||
| 020 | _c(Hbk) | ||
| 038 | _aM. Shaban | ||
| 082 |
_a891.4394 _bJAV |
||
| 100 |
_aJaved, Inam ul Haq _914461 |
||
| 245 |
_aPunjabi adab: _bChand mazameen / _c Inam ul Haq Javed |
||
| 260 |
_aLahore : _bAl Faisal printer, _c2018. |
||
| 300 | _a243 p. ; | ||
| 880 |
_6100-01\r _aڈاکٹر انعام الحق جاوید |
||
| 880 |
_6245-02\r _aپنجابی ادب: چند مضامین / |
||
| 942 |
_2ddc _cBK |
||